Detalles MARC
| 000 -LEADER |
| fixed length control field |
01912nam a2200361 a 4500 |
| 008 - CAMPO DE CONTROL (LIBRO) |
| fixed length control field |
240827e2012 ve a|||f |||| 001 0 spa d |
| 020 ## - INTERNATIONAL STANDARD BOOK NUMBER |
| ISBN |
9789585729179 |
| 041 ## - CODIGO DE IDIOMA |
| Código de idioma del texto/pista de sonido o título separado |
spa |
| 092 ## - SIGNATURA TOPOGRAFICA DEWEY LOCAL |
| número de clasificación |
617.55 |
| libristica |
65 |
| sección |
PAL |
| 100 1# - ENTRADA PRINCIPAL--NOMBRE PERSONAL |
| Nombre personal |
Palermo, Mariano |
| 9 (RLIN) |
4215 |
| Función |
Ed. |
| 245 ## - TITULO PROPIAMENTE DICHO |
| Título |
Hernias de la pared abdominal. |
| Subtítulo y Título paralelo |
Conceptos clásicos, evidencias y nuevas técnicas / |
| Mención de responsabilidad y remanente de la transcripción de la portada |
Mariano Palermo. |
| 250 ## - MENCION DE EDICION |
| Mención de edición |
1a ed. |
| 260 ## - PIE DE IMPRENTA |
| Lugar de publicación, distribución, etc |
Venezuela: |
| Nombre de la editorial, distribuidor, etc |
Amolca; |
| Fecha de publicación |
2012. |
| 300 ## - DESCRIPCION FISICA |
| Extension |
190 p. |
| Otros detalles físicos |
il. |
| 500 ## - NOTA GENERAL |
| Nota general |
Palermo, M. (Ed.). (2012). Hernias de la pared abdominal. Conceptos clásicos, evidencias y nuevas técnicas. (1a ed.). Venezuela : Amolca. |
| 653 ## - TÉRMINO INDIZADO - PALABRAS CLAVES |
| Palabra clave |
Historia de la herinia inguinal. |
| 653 ## - TÉRMINO INDIZADO - PALABRAS CLAVES |
| Palabra clave |
Embriología de la región inguinal. |
| 653 ## - TÉRMINO INDIZADO - PALABRAS CLAVES |
| Palabra clave |
Anatomía y semiología quirúrgica de la pared abdominal y de la región inguino- crural |
| 653 ## - TÉRMINO INDIZADO - PALABRAS CLAVES |
| Palabra clave |
Técnicas quirúrgicas para la hernioplastia sin la utilización de las mallas protésicas. |
| 653 ## - TÉRMINO INDIZADO - PALABRAS CLAVES |
| Palabra clave |
Técnicas quirúrgicas con la utilización de mallas protésicas. |
| 653 ## - TÉRMINO INDIZADO - PALABRAS CLAVES |
| Palabra clave |
Vía preperitoneal en la reparación herniaria. Técnicas de nyhus y stoppa. |
| 653 ## - TÉRMINO INDIZADO - PALABRAS CLAVES |
| Palabra clave |
Hernias inguinales en pediatría. |
| 653 ## - TÉRMINO INDIZADO - PALABRAS CLAVES |
| Palabra clave |
Historia del abordaje laparoscópico. |
| 653 ## - TÉRMINO INDIZADO - PALABRAS CLAVES |
| Palabra clave |
Hernioplastia preperitoneal. Técnica totalmente extraperitoneal. |
| 653 ## - TÉRMINO INDIZADO - PALABRAS CLAVES |
| Palabra clave |
Herniaplastia transabdominal preperitoneal: tendencia laparoscópica actual. |
| 653 ## - TÉRMINO INDIZADO - PALABRAS CLAVES |
| Palabra clave |
Medicina basada en la evidencia. Análisis crítico de la hernioplastia. |
| 653 ## - TÉRMINO INDIZADO - PALABRAS CLAVES |
| Palabra clave |
Actualización en la hernia inguinal. |
| 653 ## - TÉRMINO INDIZADO - PALABRAS CLAVES |
| Palabra clave |
Tratamiento laparoscópico de las hernias incisionales y ventrales. Indicaciones y resultados. |
| 653 ## - TÉRMINO INDIZADO - PALABRAS CLAVES |
| Palabra clave |
Hernia incisional. |
| 653 ## - TÉRMINO INDIZADO - PALABRAS CLAVES |
| Palabra clave |
Reparación laparoscópica transabdominal de acceso único de la hernia incisionañ y umbilical usando instrumentos curvos reusables |
| 653 ## - TÉRMINO INDIZADO - PALABRAS CLAVES |
| Palabra clave |
Ánalisis de las prótesis en el tratamiento de las hernias. |
| 942 ## - ADDED ENTRY ELEMENTS (KOHA) |
| Source of classification or shelving scheme |
Dewey Decimal Classification |
| Item type |
Libros |